Bài tập vật lý đại cương. T.2, Điện - dao động - sóng T.2
Gorde:
| Egile nagusia: | |
|---|---|
| Formatua: | Liburua |
| Argitaratua: |
Giáo dục
2009
|
| Etiketak: |
Etiketa erantsi
Etiketarik gabe, Izan zaitez lehena erregistro honi etiketa jartzen!
|
| Thư viện lưu trữ: | Mạng thư viện Đại học Đà Nẵng |
|---|
| LEADER | 00670nam a2200229 a 4500 | ||
|---|---|---|---|
| 001 | 000030227 | ||
| 003 | 32332 | ||
| 005 | 20171030145630.0 | ||
| 008 | 171030s2009 | ||
| 020 | |c 10000 | ||
| 040 | |a LTT | ||
| 082 | 0 | |a 530.08 |b LƯ-B | |
| 100 | 1 | |a Lương, Duyên Bình | |
| 245 | 0 | 0 | |a Bài tập vật lý đại cương. T.2, Điện - dao động - sóng |c Lương Duyên Bình (chủ biên), Nguyễn Hữu Hồ, Lê Văn Nghĩa, Nguyễn Tụng. |n T.2 |
| 260 | |b Giáo dục |c 2009 | ||
| OWN | |a LTT | ||
| 999 | |a From the UDN01 | ||
| TYP | |a Monograph | ||
| TYP | |a Printed language | ||
| 980 | |a Mạng thư viện Đại học Đà Nẵng | ||